000 00226nam a22000857a 4500
008 160713b xxu||||| |||| 00| 0 eng d
100 _92749
_a Watson, L.E
245 _aLight from MaN.Y Lamps
260 _aN.Y
_b Simon & Schuster
_c1951
999 _c2386
_d2386